|
|
|
|
| LEADER |
00000nam a2200000 a 4500 |
| 001 |
vtls001367326 |
| 003 |
SK-MaSNL |
| 005 |
20260301201224.0 |
| 008 |
240315s1999 xo aad r 1yy slo |
| 015 |
|
|
|a SNBA1999/10-03928
|
| 020 |
|
|
|a 809681415X
|
| 035 |
|
|
|a SNK000321014
|
| 035 |
|
|
|a urn:nbn:sk:snk-amtk70
|
| 035 |
|
|
|a urn:nbn:sk:snk-am00c6eg
|
| 035 |
|
|
|a A7EFEB0A-C82A-4626-9DA9-EFB8FB489B64
|
| 040 |
|
|
|a SNK
|b slo
|c SNK
|e AACR2
|
| 041 |
0 |
|
|a slo
|
| 044 |
|
|
|a xo
|c SK
|
| 080 |
|
|
|a 728.83:908.437.627
|2 1981
|
| 080 |
|
|
|a 908.437.627
|2 1981
|
| 100 |
1 |
|
|a Petráš, Stanislav,
|d 1969-
|4 aut
|9 176250
|
| 245 |
1 |
|
|a Kaštieľ Dolná Krupá (1749-1999)
|b (architektúra, história, majitelia, súčasnosť)
|c Stanislav Petráš
|
| 260 |
|
|
|a V Dolnej Krupej
|b Obecný úrad
|c 1999
|
| 300 |
|
|
|a 147 s.
|b fareb. fotogr., ilustr.
|c 30 cm
|
| 500 |
|
|
|a 500 výt.
|
| 504 |
|
|
|a Bibliogr. s. 146. Men. a miest. reg. Slovník pojmov. Res. angl. a nem.
|
| 610 |
1 |
7 |
|a Dolná Krupá (Slovensko : kaštieľ)
|2 SNK
|9 167561
|
| 655 |
|
7 |
|a jubilejné publikácie
|2 SNK
|9 70339
|
| 752 |
|
|
|d Dolná Krupa
|
| 919 |
|
|
|a 80-968141-5-X
|
| 958 |
|
|
|a OND
|
| 958 |
|
|
|a TL
|
| 958 |
|
|
|a NB
|
| 999 |
|
|
|c 893839
|d 895769
|
| 952 |
|
|
|t P60, <03>, [BOOK], {603}
|a SNK
|b SNK
|y PREZ
|7 0
|p 17A0200554
|o snkSB 60681
|i snkKSP 7581/99
|0 0
|1 0
|4 0
|d 1999-07-13
|f 1
|l 0
|r 2025-04-11 00:00:00
|w 2026-02-24
|
| 952 |
|
|
|t P60, <04>, [BOOK], {604}
|a SNK
|b SNK
|y VYP
|7 0
|p 17A0200555
|o snkSB 60681 D1
|i snkKSP 7582/99
|0 0
|1 0
|4 0
|d 1999-07-13
|l 0
|r 2005-01-02 00:00:00
|w 2026-02-24
|